Making it on your own : surviving and thriving on the ups and downs of being your own boss

Bibliographic Details
Main Author: Edwards, Sarah
Format: Book
Published: New York : Putnam Book , 1991
Subjects:

MARC

LEADER 00000cam a2200000 7i4500
001 0000013555
005 20080409.0
008 080409
020 |a 0874776368 
090 0 0 |a 658.041   |b EDW 
100 1 |a Edwards, Sarah 
245 1 0 |a Making it on your own :   |b surviving and thriving on the ups and downs of being your own boss   |c Sarah and Paul Edwards 
260 |a New York :   |b Putnam Book ,   |c 1991 
650 0 |a New business enterprises 
650 0 |a Self-employed 
650 0 |a Success in business 
700 1 |a Edwards, Sarah 
999 |a 0001018582   |b Book   |c Adult Collection   |e Perbadanan Perpustakaan Awam Johor